Normal view MARC view
  • Asbridge, Thomas S.

Entry Personal Name

Number of records used in: 1

001 - CONTROL NUMBER

  • control field: 150135

003 - CONTROL NUMBER IDENTIFIER

  • control field: DLC

005 - DATE AND TIME OF LATEST TRANSACTION

  • control field: 20250926131301.0

008 - FIXED-LENGTH DATA ELEMENTS

  • fixed length control field: 000216n| acannaab |n aaa c

010 ## - LIBRARY OF CONGRESS CONTROL NUMBER

  • LC control number: no 00010964

035 ## - SYSTEM CONTROL NUMBER

  • System control number: (OCoLC)oca05155631

040 ## - CATALOGING SOURCE

  • Original cataloging agency: NjP
  • Language of cataloging: eng
  • Transcribing agency: NjP
  • Modifying agency: DLC
  • Description conventions: rda

100 1# - HEADING--PERSONAL NAME

  • Personal name: Asbridge, Thomas S.

670 ## - SOURCE DATA FOUND

  • Source citation: Walter the Chancellor's The Antiochene wars, c1999:
  • Information found: t.p. (Thomas S. Asbridge)

670 ## - SOURCE DATA FOUND

  • Source citation: The creation of the principality of Antioch, 1098-1130, 2000:
  • Information found: CIP t.p. (Thomas S. Asbridge) CIP data sheet (Asbridge, Thomas S[cott]; b. April 16, 1969)

670 ## - SOURCE DATA FOUND

  • Source citation: The First Crusade, 2004:
  • Information found: CIP t.p. (Thomas Asbridge)
Devinim Yazılım Eğitim Danışmanlık tarafından Koha'nın orjinal sürümü uyarlanarak geliştirilip kurulmuştur.